[Event "Astana Zhuldyzdary Open A"]
[Site "Astana KAZ"]
[Date "2023.07.12"]
[Round "2.19"]
[White "Faizrakhmanov, Ramil"]
[Black "Radzhabov, Rodion"]
[Result "1-0"]
[WhiteTitle "IM"]
[BlackTitle "FM"]
[WhiteElo "2457"]
[BlackElo "2303"]
[WhiteFideId "24103209"]
[BlackFideId "884715"]
[EventDate "2023.07.11"]

1. d4 Nf6 2. c4 e6 3. Nf3 Bb4+ 4. Bd2 c5 5. Bxb4 cxb4 6. g3 b6 7. a3 Qe7 8. Bg2
Bb7 9. O-O a5 10. Qd3 Na6 11. Nbd2 d6 12. Ne1 O-O 13. Bxb7 Qxb7 14. Nc2 bxa3 15.
bxa3 Rfc8 16. Rab1 Nb8 17. Rb5 Nbd7 18. Ne3 Qc6 19. Rfb1 Rab8 20. h4 g6 21. d5
Qc7 22. dxe6 fxe6 23. Ne4 Nxe4 24. Qxe4 Nc5 25. Qd4 h5 26. Ng2 Kh7 27. Rd1 Rd8
28. Nf4 Qe7 29. Qb2 e5 30. Nd5 Qf7 31. Qc3 Qf5 32. Qf3 Qxf3 33. exf3 Na4 34.
Nf6+ Kg7 35. Ne4 Rbc8 36. Kg2 Rxc4 37. Rxe5 dxe5 38. Rxd8 Nc5 39. Rc8 Ra4 40.
Rc7+ Kf8 41. Nxc5 bxc5 42. Rxc5 Rxa3 43. Rxe5 Ra1 44. f4 Kf7 45. Rg5 Kf6 46. f5
gxf5 47. Rxh5 a4 48. Rh6+ Kg7 49. Ra6 Ra3 50. h5 Kf7 51. Ra7+ Kg8 52. Ra5 f4 53.
g4 Ra1 54. Kf3 a3 55. Kxf4 1-0

[Event "Astana Zhuldyzdary Open A"]
[Site "Astana KAZ"]
[Date "2023.07.12"]
[Round "2.20"]
[White "Bolat, Inayat"]
[Black "Makhnev, Denis"]
[Result "0-1"]
[BlackTitle "GM"]
[WhiteElo "2085"]
[BlackElo "2454"]
[WhiteFideId "13733125"]
[BlackFideId "13707647"]
[EventDate "2023.07.11"]

1. e4 e5 2. Nf3 Nc6 3. Bb5 a6 4. Ba4 Bc5 5. O-O Nge7 6. Nxe5 Nxe5 7. d4 b5 8.
Bb3 Bxd4 9. Qxd4 d6 10. f4 c5 11. Qc3 N5g6 12. Qxg7 c4 13. f5 Rg8 14. Qxh7 Qb6+
15. Kh1 Nf8 16. Qh4 Qd4 17. c3 Qd3 18. Re1 cxb3 19. Na3 b4 20. cxb4 Qd4 21. axb3
Bb7 22. Nc4 Rd8 23. Bd2 Qg7 24. Ne3 Nd7 25. Bc3 f6 26. Rad1 Ne5 27. Bxe5 fxe5
28. f6 Ng6 29. Qf2 Qc7 30. Nc4 Nf4 31. g3 Nh3 32. Qf5 Ng5 33. h4 Nf7 34. Kh2 Kf8
35. Rc1 Bc8 36. Qf1 Qb8 37. Na5 Bd7 38. Nc6 Bxc6 39. Rxc6 Qxb4 40. Re3 Nh6 41.
Rec3 Qxe4 42. Rc8 Rxc8 43. Rxc8+ Kf7 44. Rc7+ Kg6 45. h5+ Kxh5 46. Qh3+ Kg6 47.
f7 Rf8 48. Qe6+ Kg7 49. Qxd6 Ng4+ 50. Kg1 Qe1+ 51. Kg2 Qe2+ 0-1

[Event "Astana Zhuldyzdary Open A"]
[Site "Astana KAZ"]
[Date "2023.07.12"]
[Round "2.21"]
[White "Sivuk, Vitaly"]
[Black "Sisabayev, Kuanysh"]
[Result "1-0"]
[WhiteTitle "GM"]
[BlackTitle "FM"]
[WhiteElo "2432"]
[BlackElo "2235"]
[WhiteFideId "14116502"]
[BlackFideId "13702718"]
[EventDate "2023.07.11"]

1. d4 Nf6 2. c4 e6 3. Nf3 c5 4. d5 b5 5. dxe6 fxe6 6. cxb5 d5 7. Nc3 d4 8. Na4
Bd6 9. e3 O-O 10. exd4 cxd4 11. Qxd4 e5 12. Qc4+ Kh8 13. Nc3 Qe7 14. Bg5 Be6 15.
Qh4 e4 16. Nd2 Be5 17. Be2 Qb4 18. O-O Nbd7 19. Ncxe4 Nd5 20. Bc4 N7b6 21. Bb3
Rae8 22. Nf3 Bxb2 23. Bd2 Qa3 24. Rae1 Bg8 25. Nfg5 Be5 26. Nxh7 Bxh7 27. Ng5
Nf6 28. Nxh7 Nxh7 29. Bc2 g6 30. Bxg6 Qe7 31. Qxe7 Rxe7 32. Bb4 Rfe8 33. Bxe8
Rxe8 34. Rxe5 Rxe5 35. Bc3 1-0

[Event "Astana Zhuldyzdary Open A"]
[Site "Astana KAZ"]
[Date "2023.07.12"]
[Round "2.22"]
[White "Moldagali, Beksultan"]
[Black "Agmanov, Zhandos"]
[Result "0-1"]
[BlackTitle "IM"]
[WhiteElo "2050"]
[BlackElo "2430"]
[WhiteFideId "13734768"]
[BlackFideId "13708309"]
[EventDate "2023.07.11"]

1. e4 e6 2. d4 d5 3. Nd2 c5 4. exd5 Qxd5 5. Ngf3 cxd4 6. Bc4 Qd7 7. O-O Nc6 8.
Nb3 a6 9. a4 Nf6 10. Nbxd4 Nxd4 11. Nxd4 Qc7 12. Bb3 Bd6 13. h3 Bd7 14. Qf3
O-O-O 15. Be3 Kb8 16. Qe2 h6 17. Rfd1 g5 18. Qc4 g4 19. Qxc7+ Bxc7 20. h4 Ne4
21. c3 e5 22. Ne2 f5 23. Bc2 Bc6 24. Ng3 Nxg3 25. fxg3 f4 26. gxf4 exf4 27.
Rxd8+ Rxd8 28. Bd4 Re8 29. Kf1 Bxg2+ 30. Kxg2 Re2+ 31. Kf1 Rxc2 32. Re1 Kc8 33.
h5 f3 34. Re8+ Kd7 35. Rg8 g3 36. Rg7+ Ke6 37. Rg4 Rc1# 0-1

[Event "Astana Zhuldyzdary Open A"]
[Site "Astana KAZ"]
[Date "2023.07.12"]
[Round "2.23"]
[White "Zarubitski, Viachaslau"]
[Black "Sarzhanov, Chingizkhan"]
[Result "1/2-1/2"]
[WhiteTitle "IM"]
[WhiteElo "2423"]
[BlackElo "1889"]
[WhiteFideId "13509373"]
[BlackFideId "13724991"]
[EventDate "2023.07.11"]

1. Nf3 d5 2. g3 Nf6 3. Bg2 c5 4. O-O Nc6 5. d3 g6 6. Nbd2 Bg7 7. e4 dxe4 8. dxe4
O-O 9. Re1 Qc7 10. c3 Rd8 11. Qa4 e5 12. Nf1 h6 13. Be3 Bd7 14. Qc2 b6 15. Rad1
Be6 16. Bc1 b5 17. Be3 Bf8 18. h3 Qa5 19. b3 Rac8 20. Kh2 Qc7 21. Bc1 c4 22. b4
a5 23. a3 Nd7 24. Ne3 Nb6 25. Nh4 axb4 26. axb4 Ra8 27. Nf1 Rab8 28. Rxd8 Qxd8
29. Kg1 Qc7 30. Nf3 Bg7 31. h4 Kf8 32. Bd2 Kg8 33. Qc1 Kh7 34. Ne3 Ne7 35. Qc2
Na4 36. Bf1 Nc8 37. h5 Nd6 38. hxg6+ fxg6 39. Bg2 Qb7 40. Nh4 Bf6 41. Nhf5 Nf7
42. Nd5 Bd8 43. Nfe3 Nb6 44. Qd1 Bxd5 45. exd5 Bg5 46. Ng4 Qe7 47. Bxg5 Qxg5 48.
d6 h5 49. Ne3 Qd8 50. Qf3 Kg7 51. Qc6 Nxd6 52. Qc5 Na4 53. Qa7+ Kh6 54. Nd5 Nb2
55. Qe3+ Qg5 56. Qc5 Qd8 57. Qe3+ Qg5 58. Qc5 1/2-1/2

[Event "Astana Zhuldyzdary Open A"]
[Site "Astana KAZ"]
[Date "2023.07.12"]
[Round "2.24"]
[White "Tleukhanov, Yerlan"]
[Black "Isanzhulov, Arystan"]
[Result "0-1"]
[BlackTitle "FM"]
[WhiteElo "1853"]
[BlackElo "2422"]
[WhiteFideId "13749692"]
[BlackFideId "13711644"]
[EventDate "2023.07.11"]

1. e4 c6 2. d4 d5 3. exd5 cxd5 4. c4 Nf6 5. Nc3 Nc6 6. Nf3 a6 7. cxd5 Nxd5 8.
Bc4 Be6 9. Bb3 Na5 10. Ng5 Nxc3 11. bxc3 Bd5 12. O-O Rc8 13. Bxd5 Qxd5 14. Re1
Nc4 15. Rb1 h6 16. Ne4 b5 17. a4 e6 18. axb5 axb5 19. Qb3 Be7 20. Qxb5+ Qxb5 21.
Rxb5 O-O 22. Kf1 Rfd8 23. Ke2 Rc6 24. Nd2 Nb6 25. Kd3 Rdc8 26. Ne4 Na4 27. Bd2
f5 28. Ng3 Nxc3 29. Rbe5 Na4 30. Rb1 Rd8 31. Nxf5 Bf6 32. Ra5 Nb6 33. Ne3 Rxd4+
34. Ke2 Rxd2+ 35. Kxd2 Bc3+ 36. Kd3 Bxa5 37. Rb5 Rd6+ 38. Ke2 Bc3 39. Rb3 Bf6
40. g3 Kf7 41. Ra3 Bd4 42. Rd3 Ke7 43. Ng2 Bf6 44. Rxd6 Kxd6 45. Nf4 Nd5 46. Nd3
Bd4 47. Kf1 Kc6 48. Ne1 Kc5 49. Nf3 Bf6 50. Ke2 Nb4 51. Nd2 Kd5 52. Nf1 Bd4 53.
Nd2 Na2 54. Kf1 Nc1 55. Kg2 Nd3 56. f4 Bc3 57. Nf1 Ke4 58. h3 Ne1+ 59. Kf2 Nf3
60. Kg2 Be1 0-1

[Event "Astana Zhuldyzdary Open A"]
[Site "Astana KAZ"]
[Date "2023.07.12"]
[Round "2.25"]
[White "Igambergenov, Alibek"]
[Black "Tokbayev, Anuar"]
[Result "1-0"]
[WhiteTitle "IM"]
[WhiteElo "2420"]
[BlackElo "1809"]
[WhiteFideId "13703404"]
[BlackFideId "13724703"]
[EventDate "2023.07.11"]

1. b3 Nf6 2. Bb2 d5 3. e3 Nbd7 4. Nf3 e6 5. c4 b6 6. g3 Bb7 7. Bg2 Bd6 8. cxd5
exd5 9. O-O O-O 10. d4 Re8 11. Nc3 Ne4 12. Rc1 Ndf6 13. Ne5 c5 14. Nxe4 dxe4 15.
Nc4 cxd4 16. Nxd6 Qxd6 17. Bxd4 Rac8 18. Qe2 Nd7 19. Qb5 Qd5 20. Qxd5 Bxd5 21.
Rfd1 f6 22. Bh3 Rxc1 23. Rxc1 Ne5 24. Bxe5 Rxe5 25. Rc7 a5 26. Rc8+ Kf7 27. Rb8
Be6 28. Rb7+ Kg6 29. Bxe6 Rxe6 30. g4 Rc6 31. Kg2 h5 32. gxh5+ Kxh5 33. Rxg7 Rc2
34. Rb7 Rxa2 35. Rxb6 Kg5 36. Kg3 Rb2 37. h4+ Kg6 38. Rb5 Ra2 39. h5+ Kg7 40.
Rf5 Ra3 41. Rb5 Ra2 42. Rb6 Rb2 43. Rb7+ Kh6 44. Rb5 Ra2 45. Rf5 Kg7 46. h6+
Kxh6 47. Rxf6+ Kg5 48. Rf4 a4 49. bxa4 Rxa4 50. f3 Rb4 51. Rxe4 Rb5 52. Ra4 Kf5
53. e4+ Kf6 54. f4 Rb6 55. Kg4 Kg6 56. Ra5 Kf6 57. e5+ Kg6 58. Rd5 Rb7 59. Rd6+
Kg7 60. Kg5 Rb1 61. Rd7+ Kh8 62. f5 Rb8 63. e6 Re8 64. Kf6 Rf8+ 65. Rf7 Re8 66.
e7 Kg8 67. Rf8+ 1-0

[Event "Astana Zhuldyzdary Open A"]
[Site "Astana KAZ"]
[Date "2023.07.12"]
[Round "2.26"]
[White "Petrosyan, Manuel"]
[Black "Begmuratov, Khumoyun"]
[Result "1/2-1/2"]
[WhiteTitle "GM"]
[BlackTitle "FM"]
[WhiteElo "2627"]
[BlackElo "2391"]
[WhiteFideId "13300857"]
[BlackFideId "14210207"]
[EventDate "2023.07.11"]

1. d4 Nf6 2. c4 e6 3. Nf3 b6 4. g3 Bb7 5. Bg2 Be7 6. O-O O-O 7. Qc2 Be4 8. Qa4
c5 9. Nc3 Bc6 10. Qd1 cxd4 11. Qxd4 Na6 12. Rd1 Qc8 13. Bf4 Qb7 14. Bd6 Bxd6 15.
Qxd6 Nc5 16. Ne1 Rac8 17. Rd4 Rfe8 18. Rad1 e5 19. Rh4 Bxg2 20. Nxg2 Rc6 21. Qd2
Ne6 22. Ne3 Nd4 23. Nb5 Nxb5 24. cxb5 Rce6 25. Nd5 Nxd5 26. Qxd5 Qxd5 27. Rxd5
d6 28. Ra4 R8e7 29. Rc4 Kf8 30. Rc8+ Re8 31. Rc6 Rd8 32. e4 Ke8 33. Rd3 g6 34.
g4 h5 35. gxh5 gxh5 36. Kf1 Rg6 37. Rc7 d5 38. exd5 Rgd6 39. Rxa7 Rxd5 40. Rf3
R8d7 41. Rxd7 Kxd7 42. Rxf7+ Ke6 43. Rh7 Rxb5 44. b3 Ra5 45. Rxh5 Rxa2 46. Rh6+
Kf5 47. Kg2 b5 48. Rb6 Ra8 49. Rxb5 Rg8+ 50. Kf1 Rh8 51. Rd5 Rh3 52. b4 Rxh2 53.
Ke2 Rh4 54. Rb5 Re4+ 55. Kd3 Rd4+ 56. Ke2 Re4+ 57. Kf1 Ke6 58. Kg2 Rc4 59. Rb8
Kd6 60. b5 Kc7 61. Re8 Rc5 62. Re7+ Kd8 63. Rb7 Kc8 64. Rf7 Rxb5 65. Kf3 Kd8 66.
Ke4 Ke8 67. Rf5 Rb2 68. Kxe5 Re2+ 69. Kf6 Kf8 70. Kg6+ Kg8 71. f4 Re6+ 72. Rf6
Re7 73. Ra6 Rg7+ 74. Kf6 Rf7+ 75. Kg5 Rg7+ 76. Kf5 Rf7+ 77. Kg4 Kg7 78. Kg5 Rb7
79. f5 Rc7 80. Rg6+ Kf7 81. Rh6 Kg7 82. f6+ Kg8 83. Kg6 Rg7+ 84. Kf5 Ra7 85.
Rg6+ Kf8 86. Rg1 Ra2 87. Kg6 Rf2 88. Rg4 Rf1 89. Rg2 Re1 90. Rg5 Rf1 91. Re5 Rf2
92. Re1 Ra2 93. Re3 Rf2 94. Re5 Rf1 95. Rd5 Rg1+ 96. Kf5 Rf1+ 97. Ke6 Re1+ 98.
Re5 Rxe5+ 99. Kxe5 Kf7 100. Kf5 Kf8 101. Kg6 Kg8 102. f7+ Kf8 103. Kf6 1/2-1/2

[Event "Astana Zhuldyzdary Open A"]
[Site "Astana KAZ"]
[Date "2023.07.12"]
[Round "2.28"]
[White "Suleymenov, Alisher"]
[Black "Abdilkhair, Abilmansur"]
[Result "1-0"]
[WhiteTitle "IM"]
[BlackTitle "FM"]
[WhiteElo "2499"]
[BlackElo "2248"]
[WhiteFideId "13707833"]
[BlackFideId "13716417"]
[EventDate "2023.07.11"]

1. d4 d5 2. c4 e6 3. Nf3 Nf6 4. Nc3 Nbd7 5. Bf4 dxc4 6. e3 Nd5 7. Bxc4 Nxf4 8.
exf4 Nb6 9. Bb3 Bd6 10. g3 Bd7 11. O-O O-O 12. Qd3 Bc6 13. Ng5 g6 14. Rfe1 Be7
15. h4 Kg7 16. Rad1 a5 17. Qe2 a4 18. Bxe6 Bxg5 19. d5 Bf6 20. dxc6 Qb8 21. Bd7
a3 22. Qb5 axb2 23. Ne4 bxc6 24. Bxc6 Na4 25. Qc4 Rd8 26. Qc2 Qb4 27. Bxa8 Rxa8
28. Nxf6 Nc3 29. Ne4 Nxd1 30. Rxd1 Rxa2 31. Qc3+ Qxc3 32. Nxc3 Ra3 33. Nb1 Rb3
34. Kf1 c5 35. Ke2 h6 36. Rd5 c4 37. Rd4 Rb4 38. Kd2 g5 39. fxg5 hxg5 40. hxg5
Kg6 41. Kc3 Rb3+ 42. Kxc4 Rf3 43. Rd2 Kxg5 44. Rxb2 Kg4 45. Kd4 f5 46. Nc3 f4
47. Ne4 Ra3 48. gxf4 Kxf4 49. Nd2 Rh3 50. Rb8 Rh7 51. Rf8+ Kg5 52. Ne4+ Kg6 53.
Ke3 Rh3+ 54. Rf3 Rh1 55. Rf6+ Kg7 56. Ra6 Kf7 57. Kf4 Rb1 58. Nd6+ Ke6 59. Nf5+
Kf7 60. Nh6+ Kg7 61. Kg5 Kh8 62. f4 Rg1+ 63. Ng4 Rb1 64. f5 Rb5 65. Re6 Ra5 66.
Ne5 Ra1 67. Re8+ Kh7 68. Ng6 Ra5 69. Re7+ Kg8 70. Kh6 Rxf5 71. Rg7# 1-0

[Event "Astana Zhuldyzdary Open A"]
[Site "Astana KAZ"]
[Date "2023.07.12"]
[Round "2.29"]
[White "Abdisalimov, Abdimalik"]
[Black "Amirali, Abzal"]
[Result "1-0"]
[WhiteTitle "IM"]
[WhiteElo "2451"]
[BlackElo "2062"]
[WhiteFideId "14206323"]
[BlackFideId "13733346"]
[EventDate "2023.07.11"]

1. d4 d5 2. Nf3 Nf6 3. c4 e6 4. g3 dxc4 5. Bg2 Nc6 6. O-O Rb8 7. e3 b5 8. Qe2 a6
9. Rd1 Be7 10. e4 O-O 11. Nc3 Bb7 12. Bf4 Re8 13. Rac1 h6 14. b3 Ba3 15. Rb1
cxb3 16. axb3 g5 17. Bc1 Bf8 18. e5 b4 19. Na4 Nd5 20. h4 g4 21. Nh2 h5 22. Nxg4
hxg4 23. Qxg4+ Kh8 24. Qh5+ Kg8 25. Nc5 Bxc5 26. dxc5 Qe7 27. Bg5 f6 28. exf6
Qf7 29. Qg4 Ne5 30. Qd4 Ng6 31. Rbc1 Nc3 32. Re1 Bxg2 33. Kxg2 e5 34. Qg4 Nf8
35. Re3 Qe6 36. Qh5 Qf7 37. Qg4 Qe6 38. Qf3 Qxb3 39. Rcxc3 bxc3 40. Re4 c2 41.
Be3 c1=Q 42. Qg4+ Kf7 43. Bxc1 Qd5 44. Qg7+ Ke6 45. f3 Rb7 1-0

[Event "Astana Zhuldyzdary Open A"]
[Site "Astana KAZ"]
[Date "2023.07.12"]
[Round "2.30"]
[White "Loskutova, Viktoriya"]
[Black "Novik, Maxim"]
[Result "1/2-1/2"]
[WhiteTitle "WFM"]
[BlackTitle "GM"]
[WhiteElo "2185"]
[BlackElo "2436"]
[WhiteFideId "34166278"]
[BlackFideId "4102924"]
[EventDate "2023.07.11"]

1. e4 c5 2. Nf3 e6 3. d4 cxd4 4. Nxd4 a6 5. a3 d6 6. c4 Nf6 7. Nc3 b6 8. Be2 Bb7
9. f3 Nbd7 10. Be3 Be7 11. O-O O-O 12. Rc1 Rc8 13. b4 Re8 14. Qd2 Bf8 15. Rfd1
Qc7 16. Bf1 Qb8 17. Nb3 h6 18. Qf2 Bc6 19. Kh1 Be7 20. Rc2 Kh8 21. Qd2 Ne5 22.
Bg1 Bd7 23. Qd4 Qc7 24. Qxb6 Qxb6 25. Bxb6 Nxc4 26. Bxc4 Rxc4 27. Na5 Rcc8 28.
Rcc1 d5 29. exd5 Nxd5 30. Nxd5 exd5 31. Rxc8 Rxc8 32. Bd4 Ba4 33. Re1 Bf6 34.
Bxf6 gxf6 35. Nb7 d4 36. Nc5 Bc2 37. Re2 d3 38. Rd2 a5 39. Kg1 axb4 40. axb4 Rb8
41. Nxd3 Bxd3 1/2-1/2

[Event "Astana Zhuldyzdary Open A"]
[Site "Astana KAZ"]
[Date "2023.07.12"]
[Round "2.32"]
[White "Smirnov, Mark"]
[Black "Kovalev, Vladislav"]
[Result "0-1"]
[WhiteTitle "CM"]
[BlackTitle "GM"]
[WhiteElo "1931"]
[BlackElo "2603"]
[WhiteFideId "13764594"]
[BlackFideId "13504398"]
[EventDate "2023.07.11"]

1. e4 e5 2. Nc3 Nc6 3. g3 Bc5 4. Bg2 d6 5. Na4 f5 6. Nxc5 dxc5 7. d3 Nf6 8. Be3
Qd6 9. Ne2 Be6 10. exf5 Bxf5 11. Nc3 O-O-O 12. Nb5 Qe6 13. Qe2 e4 14. dxe4 Bxe4
15. Bf4 Qf5 16. Bxe4 Nxe4 17. O-O a6 18. Nc3 Rhe8 19. Be3 Nd2 20. Rfd1 Nd4 0-1

[Event "Astana Zhuldyzdary Open A"]
[Site "Astana KAZ"]
[Date "2023.07.12"]
[Round "2.33"]
[White "Danielyan, Vahe"]
[Black "Dushatov, Timur"]
[Result "1/2-1/2"]
[WhiteTitle "IM"]
[WhiteElo "2346"]
[BlackElo "1989"]
[WhiteFideId "13304828"]
[BlackFideId "13781901"]
[EventDate "2023.07.11"]

1. e4 e5 2. Nf3 Nc6 3. Bc4 Bc5 4. c3 Nf6 5. d4 exd4 6. cxd4 Bb4+ 7. Nbd2 d5 8.
exd5 Nxd5 9. O-O O-O 10. a3 Bxd2 11. Bxd2 Bg4 12. h3 Bh5 13. Ba2 Qd6 14. Re1
Rad8 15. Bg5 f6 16. Bh4 Kh8 17. Bg3 Qd7 18. Rc1 Nce7 19. Bb1 Bg6 20. Ba2 Bh5 21.
Qb3 c6 22. Nd2 Nf5 23. Ne4 Nxd4 24. Qc4 Ne6 25. Nd6 f5 26. Be5 Qe7 27. Qb3 Rxd6
28. Bxd6 Qxd6 29. Qxb7 Nc5 1/2-1/2

[Event "Astana Zhuldyzdary Open A"]
[Site "Astana KAZ"]
[Date "2023.07.12"]
[Round "2.35"]
[White "Kenbeilov, Timur"]
[Black "Maevsky, Nikolay"]
[Result "1-0"]
[BlackTitle "FM"]
[WhiteElo "1989"]
[BlackElo "2277"]
[WhiteFideId "13715755"]
[BlackFideId "4198220"]
[EventDate "2023.07.11"]

1. d4 d5 2. c4 Nc6 3. Nf3 Bg4 4. e3 e5 5. dxe5 dxc4 6. Qa4 Qd7 7. Bxc4 Nxe5 8.
Bb5 Nxf3+ 9. gxf3 c6 10. Bxc6 bxc6 11. Qxg4 Qb7 12. Nc3 Nf6 13. Qc4 Be7 14. b3
Rd8 15. Bb2 O-O 16. Rg1 g6 17. Ke2 Rfe8 18. Rad1 Bd6 19. h4 Qc7 20. Rd2 Rb8 21.
h5 Nxh5 22. Qh4 Nf4+ 23. Kf1 Ne6 24. Ne4 Be5 25. Nf6+ Kg7 26. Rd7 Bxb2 27. Qxh7+
Kxf6 28. Qxf7+ Ke5 29. f4+ Ke4 30. Qxg6+ 1-0

[Event "Astana Zhuldyzdary Open A"]
[Site "Astana KAZ"]
[Date "2023.07.12"]
[Round "2.36"]
[White "Bizhigitov, Zhangir"]
[Black "Tkachyov, Adil"]
[Result "1-0"]
[WhiteTitle "FM"]
[WhiteElo "2255"]
[BlackElo "1979"]
[WhiteFideId "13725599"]
[BlackFideId "13713558"]
[EventDate "2023.07.11"]

1. e4 c5 2. Nf3 Nc6 3. d4 cxd4 4. Nxd4 g6 5. c4 Bg7 6. Be3 Nf6 7. Nc3 d6 8. Be2
O-O 9. O-O Bd7 10. h3 Nxd4 11. Bxd4 Bc6 12. Qc2 a5 13. Rad1 a4 14. c5 Qa5 15.
cxd6 exd6 16. a3 Rfe8 17. Bf3 Re6 18. Rfe1 Rae8 19. Re2 h5 20. Rde1 b5 21. Qd3
Qa8 22. g3 Nd7 23. Bxg7 Kxg7 24. Qd4+ Kg8 25. Bg2 Qb7 26. Re3 Nc5 27. h4 Nb3 28.
Qd1 b4 29. axb4 Qxb4 30. Ne2 Bxe4 31. Nf4 Re5 32. Bxe4 Rxe4 33. Nd5 Qxe1+ 34.
Qxe1 Rxe3 35. fxe3 1-0

[Event "Astana Zhuldyzdary Open A"]
[Site "Astana KAZ"]
[Date "2023.07.12"]
[Round "2.37"]
[White "Balabayeva, Xeniya"]
[Black "Akhmedinov, Satbek"]
[Result "0-1"]
[WhiteTitle "WIM"]
[BlackTitle "CM"]
[WhiteElo "2239"]
[BlackElo "1974"]
[WhiteFideId "13719688"]
[BlackFideId "13714287"]
[EventDate "2023.07.11"]

1. e4 e5 2. Nf3 Nc6 3. Bc4 Nf6 4. Nc3 Nxe4 5. Nxe4 d5 6. Bxd5 Qxd5 7. Nc3 Qd8 8.
h3 Bb4 9. O-O O-O 10. d3 Re8 11. Ne4 f5 12. Neg5 Be7 13. c3 Qd5 14. c4 Qd8 15.
Qb3 Nd4 16. Nxd4 Bxg5 17. Nf3 Bf6 18. Re1 c5 19. Be3 b6 20. Rad1 Bb7 21. Nh2 Qc7
22. Qc2 Rad8 23. f3 g6 24. Qc1 Qe7 25. Nf1 Rd7 26. Bf2 Qd8 27. Qe3 Re6 28. Bg3
e4 29. Qe2 e3 30. Qc2 Rde7 31. Re2 Qd4 32. f4 g5 33. fxg5 Bxg5 34. Nh2 Rg6 35.
Qc3 Bf6 36. Qxd4 Bxd4 37. Bf4 Bxg2 0-1

[Event "Astana Zhuldyzdary Open A"]
[Site "Astana KAZ"]
[Date "2023.07.12"]
[Round "2.38"]
[White "Kvan, Andrey"]
[Black "Goganova, Yana"]
[Result "0-1"]
[BlackTitle "WFM"]
[WhiteElo "2228"]
[BlackElo "1958"]
[WhiteFideId "13701738"]
[BlackFideId "34115428"]
[EventDate "2023.07.11"]

1. d4 Nf6 2. Bg5 Ne4 3. h4 Nxg5 4. hxg5 g6 5. Qd3 Bg7 6. Nd2 c5 7. e3 d5 8. c3
c4 9. Qc2 Bf5 10. e4 dxe4 11. g4 Bxg4 12. Qxe4 Bf5 13. Qe3 O-O 14. f4 Nc6 15.
Bxc4 Nxd4 16. cxd4 Bxd4 17. Qb3 b5 18. Bd5 Rc8 19. Ngf3 Bc2 20. Qxb5 Rc5 21. Qb4
Rxd5 22. Rc1 Bd3 23. Rh2 e5 24. Nb3 Be3 25. Nxe5 Rxe5 0-1

[Event "Astana Zhuldyzdary Open A"]
[Site "Astana KAZ"]
[Date "2023.07.12"]
[Round "2.39"]
[White "Amirkul, Alimzhan"]
[Black "Khamdamova, Afruza"]
[Result "0-1"]
[BlackTitle "WFM"]
[WhiteElo "1975"]
[BlackElo "2222"]
[WhiteFideId "13718428"]
[BlackFideId "14210444"]
[EventDate "2023.07.11"]

1. e4 e5 2. Nf3 Nc6 3. d4 exd4 4. Nxd4 Nf6 5. Nxc6 bxc6 6. e5 Qe7 7. Qe2 Nd5 8.
c4 Ba6 9. b3 O-O-O 10. f4 g5 11. g3 gxf4 12. gxf4 Qh4+ 13. Qf2 Qxf2+ 14. Kxf2
Bc5+ 15. Kf3 Bd4 16. cxd5 Bb7 17. Nc3 Bxc3 18. Rb1 cxd5 19. Bd3 d6 20. Bb2 d4+
21. Be4 dxe5 22. fxe5 Rhe8 23. Bxb7+ Kxb7 24. Bxc3 dxc3 25. Rbc1 Rd3+ 26. Ke4
Red8 27. Rhf1 R8d4+ 28. Kf5 Re3 29. Kf6 Rdd3 30. h4 Rf3+ 31. Kg7 h5 32. Rg1 Rd4
33. Rgf1 Rdf4 34. Rxf3 Rxf3 35. Kh6 Rg3 36. Kxh5 Kc6 37. Kh6 Kd5 38. Kh7 Kxe5
39. h5 Kd4 40. h6 Kd3 41. Kh8 c2 42. Rf1 Ke2 43. Rh1 Kd2 0-1

[Event "Astana Zhuldyzdary Open A"]
[Site "Astana KAZ"]
[Date "2023.07.12"]
[Round "2.40"]
[White "Arestanov, Timur"]
[Black "Amangeldy, Ernur"]
[Result "1/2-1/2"]
[WhiteTitle "FM"]
[WhiteElo "2216"]
[BlackElo "1932"]
[WhiteFideId "13701304"]
[BlackFideId "13720244"]
[EventDate "2023.07.11"]

1. d4 Nf6 2. c4 e6 3. g3 d5 4. Bg2 dxc4 5. Nf3 Nbd7 6. O-O c6 7. Qc2 b5 8. b3
cxb3 9. Qxc6 Rb8 10. axb3 Bb7 11. Qc2 Rc8 12. Qd3 a6 13. Bd2 Bd6 14. Bf4 Bb4 15.
Ne5 Bxg2 16. Kxg2 Qb6 17. Nxd7 Nxd7 18. d5 Nc5 19. Qd4 a5 20. Qxg7 Rf8 21. Bh6
Nxb3 22. Ra2 Qb7 23. Rd1 Rd8 24. e4 exd5 25. Qe5+ Qe7 26. Rxd5 Rxd5 27. Qxd5 Rg8
28. Qxb3 Rg6 29. Bd2 Qxe4+ 30. Kg1 Rc6 31. Qe3 Qxe3 32. Bxe3 a4 33. Kf1 Be7 34.
Ke2 a3 35. Nd2 b4 36. Bd4 Kd7 37. Kd3 Kd6 38. Rc2 Rxc2 39. Kxc2 Kd5 40. Kd3 Bf8
41. g4 Bh6 42. Nc4 Bc1 43. Nb6+ Kc6 44. Kc2 Bf4 45. Kb3 Bxh2 46. Kxb4 a2 47. Nc4
Kd5 48. Bf6 Bg1 49. Ne3+ Ke4 50. Nf5 Bxf2 51. Kb3 Kf4 52. Nh6 Bh4 53. Bg7 Bg5 1/2-1/2

[Event "Astana Zhuldyzdary Open A"]
[Site "Astana KAZ"]
[Date "2023.07.12"]
[Round "2.41"]
[White "Zhaksygulov, Askarbai"]
[Black "Doschanov, Zhaslan"]
[Result "1-0"]
[WhiteElo "1974"]
[BlackElo "2193"]
[WhiteFideId "13727427"]
[BlackFideId "13701207"]
[EventDate "2023.07.11"]

1. e4 c5 2. Nf3 d6 3. Bb5+ Bd7 4. Bxd7+ Nxd7 5. O-O Ngf6 6. Qe2 e6 7. c3 Be7 8.
d4 O-O 9. Bg5 h6 10. Bh4 Nh5 11. Bxe7 Qxe7 12. g3 Nhf6 13. Nbd2 cxd4 14. cxd4
Rfc8 15. Rac1 Qd8 16. e5 Ne8 17. Nc4 Nb6 18. Na5 Rc7 19. Qe4 Rac8 20. Rxc7 Rxc7
21. Kg2 Qd7 22. g4 dxe5 23. Nxe5 Qd5 24. Qxd5 Nxd5 25. Nb3 Rc2 26. Rc1 Rxb2 27.
Rc8 Kf8 28. Nc5 Ke7 29. Rb8 Nd6 30. Nc6+ Kf6 31. Kg3 Rxa2 32. Nd7+ Kg6 33. Nce5+
Kh7 34. Nf8+ 1-0

[Event "Astana Zhuldyzdary Open A"]
[Site "Astana KAZ"]
[Date "2023.07.12"]
[Round "2.42"]
[White "Kolosovskiy, Anton"]
[Black "Temirov, Bakhyt"]
[Result "1/2-1/2"]
[BlackTitle "FM"]
[WhiteElo "1933"]
[BlackElo "2166"]
[WhiteFideId "13705571"]
[BlackFideId "13704745"]
[EventDate "2023.07.11"]

1. c4 Nf6 2. Nc3 d5 3. e3 e6 4. Nf3 Be7 5. b3 O-O 6. Bb2 c5 7. cxd5 exd5 8. d4
b6 9. Be2 Bb7 10. O-O Na6 11. Rc1 Nc7 12. Qc2 Ne6 13. Rfd1 Rc8 14. Qb1 Qc7 15.
Nb5 Qb8 16. dxc5 bxc5 17. Be5 Qa8 18. Nd6 Bxd6 19. Bxd6 Rfe8 20. Bb5 Bc6 21. Ba6
Bb7 22. Bb5 Bc6 23. Ba6 1/2-1/2